Η "Πολιτεία" του Πλάτωνα

Αποθηκεύτηκε σε:
Λεπτομέρειες βιβλιογραφικής εγγραφής
Κύριος συγγραφέας: Πλάτων, 428 ή 7-348 ή 7 π.Χ
Άλλοι συγγραφείς: Μαυρόπουλος, Θεόδωρος Γ. (Μεταφραστής)
Μορφή: Βιβλίο
Γλώσσα:Greek
Ancient Greek
Δημοσίευση: [Αθήνα] : Άλτερ Έγκο, c2018.
Σειρά:(Τα θεμέλια του πολιτισμού)
Θέματα:
Ετικέτες: Προσθήκη ετικέτας
Δεν υπάρχουν, Καταχωρήστε ετικέτα πρώτοι!

MARC

LEADER 00000cam a2200000 a 4500
001 1/117026
008 180718s2018####gr | ||| |||| ||gre||
020 |a 9789605039134   |q (set) 
020 |a 9789605039141   |q (τ. 1) 
020 |a 9789605039158  |q (τ. 2) 
020 |a 9789605039165  |q (τ. 3) 
020 |a 9789605039172  |q (τ. 4) 
040 |a GR-MyUa  |b gre  |c GR-MyUa  |e AACR2 
041 1 |a gre  |a grc  |h grc 
082 7 |a 184   |2 (23) 
100 0 |a Πλάτων,   |d 428 ή 7-348 ή 7 π.Χ. 
245 1 3 |a Η "Πολιτεία" του Πλάτωνα /   |c εισαγωγή, μετάφραση, σχόλια, ανάλυση, προλεγόμενα: Θεόδωρος Γ. Μαυρόπουλος.  
260 |a [Αθήνα] :   |b Άλτερ Έγκο,   |c c2018.  
300 |a 4 τ. ;   |c 21 εκ.  
490 0 |a (Τα θεμέλια του πολιτισμού) 
500 |a Ειδική έκδοση για την εφημερίδα "Το Βήμα".  
504 |a Περιλαμβάνει βιβλιογραφίες.  
505 8 |a Τ. 1. Εισαγωγικά στον Πλάτωνα και στην "Πολιτεία", ευρεία περίληψη του έργου, μετάφραση, σχόλια, ανάλυση, θέματα-ερωτήματα διδακτικής επεξεργασίας -- τ. 2. μετάφραση, σχόλια, ανάλυση, θέματα-ερωτήματα διδακτικής επεξεργασίας, γενική-ειδική βιβλιογραφία -- τ. 3. μετάφραση, σχόλια, ανάλυση, θέματα-ερωτήματα διδακτικής επεξεργασίας -- τ. 4. μετάφραση, σχόλια, ανάλυση, θέματα-ερωτήματα διδακτικής επεξεργασίας, πλατωνικά επίμετρα, γενική-ειδική βιβλιογραφία.  
650 0 |a Political science  |v Early works to 1800. 
650 0 |a Utopias  |v Early works to 1800. 
650 0 |a Justice (Philosophy)  |x Early works to 1800. 
700 0 |a Πλάτων,   |d 428 ή 7-348 ή 7 π.Χ.   |t Πολιτεία. 
700 1 |a Μαυρόπουλος, Θεόδωρος Γ.  |e trl 
852 |a INST  |b SYROS  |e 20180718  |h 184 ΠΛΑ  |p 005500013472  |q 005500013472  |t BK  |v τομ.1:  |y 0 
852 |a INST  |b SYROS  |e 20180718  |h 184 ΠΛΑ  |p 005500013473  |q 005500013473  |t BK  |v τομ.2:  |y 0 
852 |a INST  |b SYROS  |e 20180718  |h 184 ΠΛΑ  |p 005500013474  |q 005500013474  |t BK  |v τομ.3:  |y 0 
852 |a INST  |b SYROS  |e 20180718  |h 184 ΠΛΑ  |p 005500013475  |q 005500013475  |t BK  |v τομ.4:  |y 0 
853 |a INST  |b SYROS  |h 184 ΠΛΑ 
970 |a Κοντού  |b Παρασκευή  |z 18/07/2018